000 04760nam a22002777a 4500
003 OSt
005 20231006120812.0
008 231004s2022 ag ||||| |||| 00| 0 spa d
020 _a9789877642537
040 _cbesoc
245 1 0 _aHistoria 2 :
_bAmérica y Europa entre los siglos XIV y XVIII /
_cDaniela Acher ... [et al]
260 _aBuenos Aires :
_bPuerto de Palos,
_c2022
300 _a256 p.
490 _aNuevo activados
505 _aBloque I. América, Europa y el comienzo de la dominación colonial -- Cap. 1. Los pueblos originarios de América -- La diversidad de la América precolombina -- El imperio Azteca -- Las ciudades-Estado mayas -- El Imperio Inca -- Los pueblos originarios del actual territorio argentino -- Cap. 2. Europa Occidental en la Baja Edad Media -- ¿Qué es la edad media? -- El orden feudal -- La expansión y el comercio -- La ciudad medieval -- La vida religiosa en las ciudades -- La crisis del siglo XIV -- Cap. 3. El Renacimiento europeo -- El Renacimiento de la Antigüedad clásica -- La expansión del Renacimiento -- El desarrollo de las ciencias y las artes -- El arte del renacimiento -- Cap. 4. Los Viajes de Exploración de los europeos -- La expansión comercial europea -- Los nuevos saberes -- Los viajes de exploración -- España y los viajes de Colón -- Otros viajes de exploración -- Cap. 5. La Conquista de América -- Los inicios de la conquista -- El derrumbe de los grandes imperios -- Causas y consecuencias de la victoria de los europeos -- Exploración y colonización del actual territorio argentino -- Cap. 6. Estado y religión de la Europa del siglo XVI -- La crisis de la iglesia católica -- La contrarreforma -- Las guerras de religión -- Un continente en crisis -- Cap. 7. El absolutismo monárquico europeo -- Las monarquías absolutistas -- Mercantilismo y ascenso de la burguesía -- España y Francia, dos casos contrapuestos -- Inglaterra, el fracaso del absolutismo -- El barroco -- Cap. 8. La América colonial española -- La organización política colonial -- Las autoridades del gobierno colonial -- La economía colonial -- Formas de trabajo colonial -- La situación de los indígenas -- Cap. 9. Otros Imperios Coloniales -- Los portugueses en Brasil -- Los ingleses en América del Norte -- Franceses y holandeses en América -- Los enfrentamientos coloniales -- Cap. 10. La iglesia católica en la sociedad hispano colonial -- La iglesia católica en América -- La evangelización -- Las misiones jesuitas -- La iglesia en la cultura colonial -- Cap. 11. Cultura y sociedad en la Hispanoamérica colonial -- La sociedad colonial -- Un mundo de intercambios -- Las imágenes coloniales -- Cap. 12. La ilustración y el despotismo ilustrado -- Una nueva actitud hacia el conocimiento -- Un nuevo pensamiento político -- Un nuevo pensamiento económico -- El despotismo ilustrado -- Cap. 13. La Primera Revolución Industrial -- Las condiciones previas a la Revolución Industrial -- Un nuevo modo de producción -- La supremacía industrial de Gran Bretaña -- Los conflictos sociales -- Cap. 14. La independencia de Estados Unidos -- Las colonias inglesas en América -- Nueva política colonial y reacción de los colonos -- La guerra de la Independencia y la organización del Estado -- Cap. 15. La Revolución Francesa y las guerras napoleónicas -- Francia en el siglo XVIII -- La Asamblea Nacional Constituyente -- Monarquía, Republica y Directorio -- El ascenso de Napoleón.-
520 _aNuevo Activados Historia 2 es un proyecto para la secundaria básica que incluye los contenidos y recursos necesarios para la formación del estudiante del siglo XXI: actividades para ejercitar la comprensión lectora, uso de herramientas para aprender y desarrollo de capacidades. Además, autoevaluaciones e instancias para reflexionar sobre lo aprendido (metacognición). Espacios de dialogo entre áreas para interrelacionar los temas curriculares con otras disciplinas. Además, una sección especial de proyectos (aprendizaje Basado en Proyectos), secciones y actividades sobre Educación Sexual Integral (ESI) que contemplan distintos ejes de trabajo de esta temática. Sección especial Atlas histórico con mapas que complementan la propuesta de los distintos capítulos. Recursos TIC para un uso significativo de las nuevas tecnologías. [Nota del editor]
654 4 _aHistoria
_zAmérica
_zEuropa
_vLibros de texto
_xEducación secundaria
700 1 _aAcher, Daniela
_eautor
700 1 _aMaurizio, Paola
_eautor
700 1 _aMinutella, Eduardo
_eautor
700 1 _aGalliano, Alejandro
_eautor
700 1 _aÁlvarez, María Noel
_eautor
700 1 _aHeredia, Berenice
_eautor
700 1 _aTrobo, María Inés
_eautor
942 _2udc
_cLPD
_n0
999 _c97
_d97